[Event "Druzynowe Mistrzostwa Polski Juniorow - I Liga"]
[Site "Ustron"]
[Date "2011-06-27"]
[Round "3.26"]
[White "Mroziak, Maciej"]
[Black "Malec, Robert"]
[Result "1-0"]
[WhiteTitle "I++"]
[BlackTitle "I"]
[WhiteElo "2136"]
[BlackElo "1830"]

1. e4 c5 2. c3 d5 3. exd5 Qxd5 4. d4 Nc6 5. Nf3 Bg4 6. Be2 cxd4 7. cxd4 e6 8. O-O
Nf6 9. h3 Bh5 10. Nc3 Qa5 11. Be3 Bd6 12. a3 O-O 13. Qb3 Ne7 14. Rac1 Rfd8 15.
Nb5 Bb8 16. Rc5 Rd5 17. Nc3 Rxc5 18. dxc5 Qc7 19. Nb5 Qc8 20. Rc1 Ned5 21. g3
a6 22. Nd6 Bxd6 23. cxd6 Qd7 24. Ne5 Qxd6 25. Qxb7 Rd8 26. Bxh5 Qxe5 27. Bxf7+
Kh8 28. Rc8 Qd6 29. Bc5 1-0

[Event "Druzynowe Mistrzostwa Polski Juniorow - I Liga"]
[Site "Ustron"]
[Date "2011-06-27"]
[Round "3.27"]
[White "Terochin, Piotr"]
[Black "Lizak, Jakub"]
[Result "1-0"]
[WhiteTitle "II"]
[BlackTitle "II+"]
[WhiteElo "1704"]
[BlackElo "1712"]

1. e4 c5 2. Nf3 Nc6 3. d4 cxd4 4. Nxd4 Nf6 5. Nc3 d6 6. Bg5 e6 7. Be2 Be7 8. O-O
a6 9. Kh1 h6 10. Be3 e5 11. Nxc6 bxc6 12. f4 Qc7 13. fxe5 dxe5 14. Qe1 O-O 15.
Qg3 Kh7 16. Rf2 c5 17. Raf1 Qd6 18. Rd1 Qe6 19. b3 Kh8 20. Bc4 Qg4 21. Qxe5 Ra7
22. h3 Qg6 23. Bxc5 1-0

[Event "Druzynowe Mistrzostwa Polski Juniorow - I Liga"]
[Site "Ustron"]
[Date "2011-06-27"]
[Round "3.29"]
[White "Barburzynska, Magdalena"]
[Black "Panczuk, Joanna"]
[Result "1-0"]
[WhiteTitle "I++"]
[BlackTitle "I"]
[WhiteElo "1936"]
[BlackElo "1679"]

1. e4 c5 2. Nf3 Nc6 3. d4 cxd4 4. Nxd4 e5 5. Nb5 a6 6. N5c3 h6 7. Nd5 Nf6 8. Nbc3
Bb4 9. Nxb4 Nxb4 10. a3 Nc6 11. Be3 O-O 12. f3 Ne7 13. Qd6 Nc6 14. O-O-O b5 15.
g4 Re8 16. h4 Re6 17. Qd2 b4 18. axb4 Nxb4 19. Nd5 Nbxd5 20. exd5 Rd6 21. c4 Qc7
22. Kb1 Nh7 23. Qc3 Rg6 24. Bd3 d6 25. Qc2 Nf8 26. h5 Rf6 27. Rdf1 a5 28. g5 hxg5
29. Bxg5 Qe7 30. Rf2 a4 31. Rg2 a3 32. b3 a2+ 33. Ka1 Kh8 1-0